[Event "XI Torneo Leonardo di Bona Magistrale"]
[Site "Cutro ITA"]
[Date "2005.05.01"]
[Round "9"]
[White "Velikov, Petar V."]
[Black "Ninov, Nikolai Ivanov"]
[Result "0-1"]
[WhiteElo "2427"]
[BlackElo "2486"]
[PlyCount "76"]
[EventDate "2005.04.23"]

1. c4 c5 2. Nc3 g6 3. g3 Bg7 4. Bg2 Nc6 5. d3 Nf6 6. e3 d6 7. Nge2 Bd7 8. b3 a6
9. Bb2 O-O 10. h3 Rb8 11. O-O b5 12. Qd2 e6 13. Rfd1 Qe7 14. Rac1 Rfc8 15. Nf4
Ne8 16. h4 f5 17. Nce2 Bxb2 18. Qxb2 bxc4 19. dxc4 Ne5 20. Nd3 Ng4 21. Rc2 Bc6
22. Bxc6 Rxc6 23. Nef4 Nef6 24. Re2 e5 25. Ng2 Nh5 26. Qc2 Ngf6 27. Nde1 Ne4
28. Nf3 h6 29. Nge1 Nhf6 30. Nd3 Qe6 31. Kg2 g5 32. hxg5 hxg5 33. Rh1 Rc7 34.
Qc1 Rbb7 35. Qg1 Rh7 36. Re1 Rxh1 37. Qxh1 Rh7 38. Qg1 f4 0-1

[Event "XXXVII C.to Italiano a squadre Master Sud"]
[Site "ITA"]
[Date "2005.04.17"]
[Round "3"]
[White "Arlandi, Ennio"]
[Black "Ferro, Mario"]
[Result "1/2-1/2"]
[WhiteElo "2432"]
[BlackElo "2193"]
[PlyCount "62"]
[EventDate "2005.02.20"]

1. d4 Nf6 2. c4 g6 3. Nc3 d5 4. cxd5 Nxd5 5. e4 Nxc3 6. bxc3 Bg7 7. Bc4 c5 8.
Ne2 Nc6 9. Be3 O-O 10. O-O Bd7 11. Rb1 a6 12. d5 Ne5 13. Bb3 Ng4 14. Bf4 b5 15.
h3 Ne5 16. Be3 Qc8 17. f4 Nc4 18. Bxc4 bxc4 19. Qc1 e6 20. Rd1 Re8 21. Ng3 exd5
22. Rxd5 Bf8 23. f5 Bc6 24. Bh6 Bxd5 25. Bxf8 Rxe4 26. Bd6 Qc6 27. Qh6 Qxd6 28.
Nh5 Qe5 29. f6 Re1+ 30. Rxe1 Qxe1+ 31. Kh2 Qe5+ 1/2-1/2

[Event "Open Miramare A"]
[Site "Rimini ITA"]
[Date "2005.05.06"]
[Round "1"]
[White "Fronzi, Ettore"]
[Black "Abiuso Melo, Diego"]
[Result "1/2-1/2"]
[WhiteElo "1790"]
[BlackElo "2131"]
[PlyCount "47"]
[EventDate "2005.05.06"]

1. d4 d5 2. Nf3 Nf6 3. c4 e6 4. Nc3 c6 5. Bg5 Be7 6. e3 Nbd7 7. Rc1 O-O 8. a3
a6 9. Qc2 h6 10. Bh4 dxc4 11. Bxc4 b5 12. Ba2 c5 13. dxc5 Nxc5 14. Bb1 g6 15.
Ne5 Qe8 16. b4 Ncd7 17. Nc6 Bd6 18. Ne4 Nxe4 19. Qxe4 Bb7 20. Bg3 Bxg3 21. hxg3
Kg7 22. Qh4 Rh8 23. O-O Nf6 24. Ne5 1/2-1/2

[Event "Open Miramare A"]
[Site "Rimini ITA"]
[Date "2005.05.06"]
[Round "1"]
[White "Giovannini, Roberto"]
[Black "Rombaldoni, Denis"]
[Result "0-1"]
[WhiteElo "1964"]
[BlackElo "2336"]
[PlyCount "66"]
[EventDate "2005.05.06"]

1. d4 Nf6 2. Nf3 e6 3. Bf4 b6 4. e3 Bb7 5. Bd3 Be7 6. O-O O-O 7. c4 c5 8. Nc3
d6 9. h3 cxd4 10. exd4 Na6 11. Rc1 Nc7 12. Re1 Rc8 13. Bb1 d5 14. b3 Bb4 15.
Qd3 Ba6 16. Bg5 g6 17. Ne5 Nce8 18. Qf3 dxc4 19. Ne4 Be7 20. Bh6 Ng7 21. bxc4
Nxe4 22. Qxe4 Bg5 23. Bxg5 Qxg5 24. c5 Rfd8 25. f4 Qh4 26. c6 Rc7 27. Qe3 Nh5
28. Ng4 Bb5 29. Qe5 Rxc6 30. Qxb5 Rxc1 31. Rxc1 Nxf4 32. Rf1 Qg3 33. Rxf4 Qxf4
0-1

[Event "Open Miramare A"]
[Site "Rimini ITA"]
[Date "2005.05.06"]
[Round "1"]
[White "Scalcione, Michelangelo"]
[Black "Orfei, Rolando"]
[Result "1-0"]
[WhiteElo "2242"]
[BlackElo "1943"]
[PlyCount "47"]
[EventDate "2005.05.06"]

1. Nf3 Nf6 2. c4 g6 3. Nc3 Bg7 4. e4 d6 5. d4 O-O 6. Be2 e5 7. Be3 exd4 8. Nxd4
Re8 9. f3 c6 10. Bf2 d5 11. exd5 cxd5 12. c5 Nc6 13. O-O a6 14. Qd2 Qe7 15.
Rfe1 Nxd4 16. Bxd4 Be6 17. Bf1 Qc7 18. b4 Rad8 19. a4 Ne4 20. fxe4 dxe4 21. Ne2
Bg4 22. Qe3 Bxe2 23. Bxg7 Bxf1 24. Bf6 1-0

[Event "Open Miramare A"]
[Site "Rimini ITA"]
[Date "2005.05.07"]
[Round "2"]
[White "Ferri, Massimiliano"]
[Black "Gromovs, Sergejs"]
[Result "0-1"]
[WhiteElo "2152"]
[BlackElo "2362"]
[PlyCount "83"]
[EventDate "2005.05.06"]

1. e4 c5 2. Nc3 Nc6 3. g3 g6 4. Bg2 Bg7 5. d3 e6 6. Be3 d6 7. Qd2 Nge7 8. f4 f5
9. Nf3 O-O 10. O-O Nd4 11. Nd1 Rb8 12. c3 Nxf3+ 13. Bxf3 b5 14. e5 Bb7 15. d4
Bxf3 16. Rxf3 c4 17. exd6 Qxd6 18. Qe2 Nd5 19. Rf1 Rfc8 20. a3 a5 21. Re1 Rc6
22. Bd2 h5 23. Ne3 Nf6 24. Nd1 h4 25. Nf2 hxg3 26. hxg3 Kf7 27. Qf3 Rh8 28. Kg2
Nd5 29. Rh1 Rcc8 30. Rh3 Nf6 31. Rah1 Rxh3 32. Nxh3 Ne4 33. Be1 Rh8 34. Ng5+
Nxg5 35. Qb7+ Qe7 36. Qxe7+ Kxe7 37. Rxh8 Bxh8 38. fxg5 Kd6 39. Bd2 Kd5 40. Kf3
b4 41. a4 b3 42. Ke3 {...} 0-1

[Event "Open Miramare A"]
[Site "Rimini ITA"]
[Date "2005.05.07"]
[Round "2"]
[White "Galassi, Federico"]
[Black "Djuric, Stefan"]
[Result "0-1"]
[WhiteElo "2210"]
[BlackElo "2459"]
[PlyCount "62"]
[EventDate "2005.05.06"]

1. e4 Nf6 2. e5 Nd5 3. d4 d6 4. Nf3 g6 5. Bc4 c6 6. O-O Bg7 7. Re1 dxe5 8. dxe5
O-O 9. Bg5 h6 10. Bh4 Qc7 11. Bg3 Qb6 12. Bb3 Na6 13. a4 Nc5 14. a5 Qd8 15. Bc4
Nb4 16. Qe2 Be6 17. Bxe6 Nxe6 18. Qc4 c5 19. Nbd2 b5 20. axb6 axb6 21. Rxa8
Qxa8 22. c3 Nd5 23. Rd1 Rd8 24. h3 Ndc7 25. Qe2 Qa2 26. b4 Nd5 27. Qc4 Qc2 28.
Re1 Qxc3 29. Qxc3 Nxc3 30. bxc5 Nxc5 31. Kf1 b5 0-1

[Event "Open Miramare A"]
[Site "Rimini ITA"]
[Date "2005.05.07"]
[Round "3"]
[White "Djuric, Stefan"]
[Black "Rombaldoni, Denis"]
[Result "1/2-1/2"]
[WhiteElo "2459"]
[BlackElo "2336"]
[PlyCount "91"]
[EventDate "2005.05.06"]

1. e4 c6 2. Nc3 d5 3. Nf3 dxe4 4. Nxe4 Nf6 5. Qe2 Bf5 6. d3 e6 7. Nxf6+ Qxf6 8.
g3 Bb4+ 9. Nd2 O-O 10. c3 Ba5 11. g4 Bg6 12. h4 Rd8 13. Rh3 h6 14. h5 Bh7 15.
Ne4 Bxe4 16. dxe4 Bc7 17. Rf3 Qe7 18. Bd2 Nd7 19. O-O-O Nc5 20. Kc2 a5 21. Rh3
e5 22. g5 hxg5 23. h6 g6 24. Qg4 Qe6 25. Qxe6 Nxe6 26. Bc4 Nf4 27. h7+ Kg7 28.
Bxf4 Rxd1 29. Kxd1 exf4 30. Bxf7 g4 31. h8=Q+ Rxh8 32. Rxh8 Kxh8 33. Bxg6 g3
34. fxg3 fxg3 35. Ke2 Kg7 36. Bf5 Kf6 37. Kf3 Be5 38. Bc8 b6 39. Bd7 c5 40. Bb5
Kg5 41. a4 Bd6 42. c4 g2 43. Kxg2 Kf4 44. Kf2 Kxe4 45. Ke2 Bf4 46. b3 1/2-1/2

[Event "Open Miramare A"]
[Site "Rimini ITA"]
[Date "2005.05.07"]
[Round "3"]
[White "Gromovs, Sergejs"]
[Black "Brancaleoni, Maurizio"]
[Result "1/2-1/2"]
[WhiteElo "2362"]
[BlackElo "2296"]
[PlyCount "75"]
[EventDate "2005.05.06"]

1. d4 Nf6 2. Nf3 d5 3. c4 e6 4. Nc3 dxc4 5. e3 a6 6. a4 Bb4 7. Bxc4 b6 8. O-O
Bb7 9. Ne5 O-O 10. f3 Be7 11. e4 Nbd7 12. Nxd7 Qxd7 13. Be3 Rfc8 14. Qd2 c5 15.
d5 exd5 16. exd5 Re8 17. Rad1 Bd6 18. Bf4 Qc7 19. Bxd6 Qxd6 20. Rfe1 Rxe1+ 21.
Rxe1 Kf8 22. Qd3 Qf4 23. Ne4 Re8 24. Re2 Rxe4 25. Rxe4 Nxe4 26. Qxe4 Qxe4 27.
fxe4 f6 28. Kf2 Ke7 29. Ke3 Kd6 30. Kf4 Bc8 31. h4 Bd7 32. Bxa6 Bxa4 33. g4 Bd7
34. Be2 h6 35. h5 b5 36. b3 Ke7 37. e5 fxe5+ 38. Kxe5 1/2-1/2

[Event "Open Miramare A"]
[Site "Rimini ITA"]
[Date "2005.05.08"]
[Round "4"]
[White "Brancaleoni, Maurizio"]
[Black "Djuric, Stefan"]
[Result "1/2-1/2"]
[WhiteElo "2296"]
[BlackElo "2459"]
[PlyCount "67"]
[EventDate "2005.05.06"]

1. d4 Nf6 2. c4 c5 3. d5 g6 4. Nc3 Bg7 5. e4 d6 6. h3 O-O 7. Nf3 Na6 8. Bd3 Nc7
9. O-O e5 10. Bg5 h6 11. Bh4 a6 12. Nd2 Rb8 13. Rb1 b5 14. b4 bxc4 15. bxc5 Nb5
16. Nxb5 axb5 17. Bxf6 Qxf6 18. Bxc4 Ba6 19. c6 bxc4 20. Rxb8 Rxb8 21. Qa4 Bb5
22. c7 Rc8 23. Qxb5 Qe7 24. Rc1 Rxc7 25. Rxc4 Rb7 26. Rc8+ Bf8 27. Qe8 Qxe8 28.
Rxe8 Ra7 29. Nc4 Kg7 30. a3 Rc7 31. Nb6 Rb7 32. Nc4 Rc7 33. Nb6 Rb7 34. Nc4
1/2-1/2

[Event "Open Miramare A"]
[Site "Rimini ITA"]
[Date "2005.05.08"]
[Round "4"]
[White "Di Caro, Calogero"]
[Black "Fronzi, Ettore"]
[Result "1-0"]
[WhiteElo "2370"]
[BlackElo "1790"]
[PlyCount "55"]
[EventDate "2005.05.06"]

1. d4 Nf6 2. c4 c5 3. Nf3 g6 4. Nc3 cxd4 5. Nxd4 Bg7 6. e4 d6 7. Be2 Nc6 8. Be3
O-O 9. O-O Bd7 10. Qd2 Ng4 11. Bxg4 Bxg4 12. f3 Be6 13. b3 Nxd4 14. Bxd4 Bxd4+
15. Qxd4 Qa5 16. f4 f6 17. Kh1 Rac8 18. Rae1 b6 19. a4 Qc5 20. Qd2 Qb4 21. Rf3
Rc5 22. f5 Bd7 23. fxg6 hxg6 24. Qh6 Rg5 25. Ref1 Rf7 26. Nd5 Qd2 27. R3f2 Qd4
28. Nxe7+ 1-0

[Event "Open Miramare A"]
[Site "Rimini ITA"]
[Date "2005.05.08"]
[Round "5"]
[White "Scalcione, Michelangelo"]
[Black "Brancaleoni, Maurizio"]
[Result "0-1"]
[WhiteElo "2242"]
[BlackElo "2296"]
[PlyCount "100"]
[EventDate "2005.05.06"]

1. Nf3 d5 2. d4 Nf6 3. Bf4 c5 4. e3 Nc6 5. c3 Qb6 6. Qb3 c4 7. Qc2 Bf5 8. Qc1
Nh5 9. Be5 f6 10. Bg3 e5 11. dxe5 Nxg3 12. hxg3 Nxe5 13. Nxe5 fxe5 14. Nd2 Bc5
15. Nf3 O-O 16. Qd2 Rad8 17. g4 Bxg4 18. Nxe5 Bf5 19. O-O-O Be4 20. Nf3 Qa5 21.
a3 Rd6 22. Ng5 Bxa3 23. Nxe4 Bxb2+ 24. Qxb2 Rb6 25. Rxd5 Qxd5 26. Qc2 h6 27.
Nd2 Rc6 28. Qe4 Qxe4 29. Nxe4 b5 30. Rh4 a5 31. f3 Rd8 32. Be2 Rg6 33. g3 Rd5
34. Rh1 Re6 35. Kc2 Ree5 36. Ra1 Rh5 37. Rd1 Rxd1 38. Bxd1 Rh2+ 39. Kb1 a4 40.
Bc2 a3 41. Ka2 Rxc2+ 42. Kxa3 Re2 43. Kb4 Rxe3 44. Kxb5 Rxf3 45. Kxc4 Kf7 46.
Kd5 Kg6 47. Ke5 Kh5 48. c4 Kg4 49. c5 h5 50. c6 50... Rf8 {...} 0-1

[Event "Open A"]
[Site "Voghera ITA"]
[Date "2005.05.07"]
[Round "3"]
[White "Salami, Marco"]
[Black "Bosi, Clint"]
[Result "1-0"]
[WhiteElo "2206"]
[BlackElo "1990"]
[PlyCount "25"]
[EventDate "2005.05.06"]

1. e4 e5 2. f4 exf4 3. Nf3 g5 4. h4 f6 5. Nxg5 fxg5 6. Qh5+ Ke7 7. Qxg5+ Ke8 8.
Qh5+ Ke7 9. Qe5+ Kf7 10. Bc4+ Kg6 11. h5+ Kh6 12. Qxf4+ Kg7 13. Qf7+ 1-0

[Event "I Festival Parthenope A"]
[Site "Napoli ITA"]
[Date "2005.05.13"]
[Round "1"]
[White "Cerrato, Roberto"]
[Black "D'Amore, Emanuele"]
[Result "1/2-1/2"]
[WhiteElo "1813"]
[BlackElo "2177"]
[PlyCount "80"]
[EventDate "2005.05.13"]

1. d4 e6 2. c4 f5 3. Nf3 d5 4. Bg5 Nf6 5. cxd5 exd5 6. Nc3 c6 7. e3 Be7 8. Bd3
O-O 9. Qc2 Ne4 10. Bxe7 Qxe7 11. O-O-O Nd7 12. Rhf1 Nd6 13. Rde1 b6 14. Nd2 Bb7
15. f3 Qh4 16. g3 Qf6 17. g4 c5 18. Bxf5 Nxf5 19. Qxf5 Qxf5 20. gxf5 cxd4 21.
exd4 Rxf5 22. Re7 Rf7 23. Rfe1 Kf8 24. R7e6 Nf6 25. Kd1 Re8 26. Nb5 Rxe6 27.
Rxe6 Ba6 28. Nc3 Rd7 29. Ke1 h6 30. Kf2 Kf7 31. Re5 g5 32. Kg3 Nh5+ 33. Kg4
Nf6+ 34. Kg3 Bb7 35. Nf1 Re7 36. Rxe7+ Kxe7 37. Ne3 Ke6 38. h4 Bc6 39. hxg5
hxg5 40. Ng4 Nh5+ 1/2-1/2

[Event "I Festival Parthenope A"]
[Site "Napoli ITA"]
[Date "2005.05.13"]
[Round "1"]
[White "Collutiis, Duilio"]
[Black "Meli, Massimo"]
[Result "1-0"]
[WhiteElo "2382"]
[BlackElo "1907"]
[PlyCount "57"]
[EventDate "2005.05.13"]

1. e4 e5 2. Nf3 Nc6 3. Bb5 a6 4. Ba4 Nf6 5. Qe2 d6 6. c3 Bg4 7. d3 Be7 8. Nbd2
Nd7 9. h3 Bh5 10. Nf1 Nc5 11. Bxc6+ bxc6 12. Ng3 Bg6 13. d4 Ne6 14. dxe5 d5 15.
O-O h5 16. Rd1 h4 17. Nf5 Bc5 18. Be3 Bxe3 19. Qxe3 Bh7 20. c4 g5 21. cxd5 Nf4
22. dxc6 Qb8 23. Qa3 Bxf5 24. exf5 a5 25. Rd7 Qb4 26. Qxb4 axb4 27. e6 f6 28.
Rad1 O-O 29. Rxc7 1-0

[Event "I Festival Parthenope A"]
[Site "Napoli ITA"]
[Date "2005.05.13"]
[Round "1"]
[White "Cordi', Domenico"]
[Black "Pasta, Pietro"]
[Result "1-0"]
[WhiteElo "2084"]
[BlackElo "1778"]
[PlyCount "57"]
[EventDate "2005.05.13"]

1. e4 d6 2. d4 Nf6 3. Nc3 c6 4. Nf3 Bg4 5. Be3 e6 6. Be2 d5 7. e5 Nfd7 8. Nd2
Bxe2 9. Nxe2 c5 10. c3 Nc6 11. O-O Be7 12. Kh1 O-O 13. f4 g6 14. Nf3 Kg7 15.
Qd2 Rh8 16. g4 cxd4 17. cxd4 Bb4 18. Qd3 Bf8 19. f5 Qe8 20. Nf4 Nb6 21. b3 Ba3
22. Rf2 Rc8 23. Rg1 Nb4 24. Qb1 Qc6 25. fxe6 fxe6 26. Ng5 Rhe8 27. Nh5+ Kg8 28.
Nf6+ Kh8 29. Nf7+ 1-0

[Event "I Festival Parthenope A"]
[Site "Napoli ITA"]
[Date "2005.05.13"]
[Round "1"]
[White "Djuric, Stefan"]
[Black "Schiappoli, Dario"]
[Result "1-0"]
[WhiteElo "2459"]
[BlackElo "1954"]
[PlyCount "59"]
[EventDate "2005.05.13"]

1. e4 c5 2. Nf3 d6 3. Nc3 a6 4. d4 cxd4 5. Nxd4 Nf6 6. f4 Qc7 7. Nf3 e6 8. Bd3
b5 9. O-O Bb7 10. Qe1 Nbd7 11. Kh1 b4 12. Nd1 e5 13. Bd2 a5 14. a3 b3 15. cxb3
Nc5 16. Bb5+ Kd8 17. fxe5 Nxb3 18. exf6 Nxa1 19. Bc3 g6 20. Nd4 a4 21. Ne3 Nb3
22. Nxb3 axb3 23. Nd5 Bxd5 24. exd5 Bh6 25. Bc6 Ra6 26. Qe4 Kc8 27. Qh4 Bf8 28.
Qc4 Rxc6 29. dxc6 d5 30. Qa6+ 1-0

[Event "I Festival Parthenope A"]
[Site "Napoli ITA"]
[Date "2005.05.13"]
[Round "1"]
[White "Fezza, Davide"]
[Black "Colucci, Diego"]
[Result "1-0"]
[WhiteElo "2068"]
[BlackElo "1685"]
[PlyCount "115"]
[EventDate "2005.05.13"]

1. e4 e5 2. f4 exf4 3. Nf3 Be7 4. Bc4 Bh4+ 5. Kf1 d6 6. d4 Bg4 7. Bxf4 Nc6 8.
c3 Qf6 9. Bg3 Bxg3 10. hxg3 O-O-O 11. Qd3 Nge7 12. Bb3 h5 13. Nbd2 g5 14. Re1
h4 15. gxh4 gxh4 16. Re2 Ng6 17. Rf2 Nf4 18. Qe3 Nh5 19. Nxh4 Qg7 20. Rxf7 Rhf8
21. Rxf8 Rxf8+ 22. Ke1 Nf4 23. g3 Nh5 24. Rf1 Rxf1+ 25. Nxf1 Bh3 26. Nf5 Qf6
27. Qh6 Qxh6 28. Nxh6 Bxf1 29. g4 Ng3 30. Kf2 Nxe4+ 31. Kxf1 Nd2+ 32. Kf2 Nxb3
33. axb3 Kd7 34. Kf3 Ke6 35. b4 Kf6 36. Kf4 Kg6 37. Nf5 Nd8 38. d5 Nf7 39. b5
Ne5 40. b3 Nd3+ 41. Ke3 Ne5 42. Kf4 Nd3+ 43. Kf3 Ne5+ 44. Kg3 Kg5 45. Ng7 Nxg4
46. Ne6+ Kf5 47. Nxc7 Nf6 48. Kf3 Ke5 49. c4 Nd7 50. Ne6 Nb6 51. Nd8 a6 52.
Nf7+ Kd4 53. Nxd6 axb5 54. Nxb5+ Kc5 55. Ke4 Nxd5 56. cxd5 Kxb5 57. Ke5 Kc5 58.
d6 1-0

[Event "I Festival Parthenope A"]
[Site "Napoli ITA"]
[Date "2005.05.13"]
[Round "1"]
[White "Fumo, Guglielmo"]
[Black "Laketic, Gojko"]
[Result "0-1"]
[WhiteElo "1937"]
[BlackElo "2435"]
[PlyCount "70"]
[EventDate "2005.05.13"]

1. e4 Nf6 2. e5 Nd5 3. d4 d6 4. c4 Nb6 5. Nf3 g6 6. Nc3 Bg7 7. Be3 O-O 8. Be2
Bg4 9. exd6 cxd6 10. O-O Nc6 11. b3 d5 12. c5 Nc8 13. h3 Bxf3 14. Bxf3 e6 15.
Qd2 N8e7 16. g4 e5 17. Ne2 f5 18. gxf5 e4 19. Bg2 gxf5 20. Nf4 Qd7 21. Rad1 Ng6
22. Nxg6 hxg6 23. f4 Rf7 24. b4 Raf8 25. b5 Nd8 26. a4 Ne6 27. Qc3 g5 28. c6
bxc6 29. bxc6 Qc7 30. fxg5 f4 31. g6 Rf6 32. Rb1 fxe3 33. Rxf6 Bxf6 34. Rb7
Bxd4 35. Rxc7 e2+ 0-1

[Event "I Festival Parthenope A"]
[Site "Napoli ITA"]
[Date "2005.05.13"]
[Round "1"]
[White "Grasso, Nino"]
[Black "Solodovnichenko, Yuri"]
[Result "0-1"]
[WhiteElo "1990"]
[BlackElo "2519"]
[PlyCount "44"]
[EventDate "2005.05.13"]

1. e4 c5 2. c3 Nf6 3. e5 Nd5 4. d4 cxd4 5. Bc4 e6 6. cxd4 d6 7. Nf3 Nc6 8. O-O
Be7 9. Nc3 Nxc3 10. bxc3 dxe5 11. Nxe5 Nxe5 12. dxe5 Qa5 13. Qe2 O-O 14. Bf4
Bd7 15. Rfd1 Ba4 16. Rd3 b5 17. Rd7 Ba3 18. Bxe6 Qxc3 19. Rb1 Qc2 20. Qxc2 Bxc2
21. Rxb5 fxe6 22. Rbb7 Rxf4 0-1

[Event "I Festival Parthenope A"]
[Site "Napoli ITA"]
[Date "2005.05.13"]
[Round "1"]
[White "Messina, Enrico"]
[Black "Gallo, Thomas Renato"]
[Result "1-0"]
[WhiteElo "2133"]
[BlackElo "1802"]
[PlyCount "51"]
[EventDate "2005.05.13"]

1. e4 e6 2. Nf3 c5 3. b4 b6 4. bxc5 bxc5 5. Nc3 Nc6 6. Bc4 Be7 7. O-O Na5 8.
Bb5 Nf6 9. e5 Nd5 10. Nxd5 exd5 11. d4 Qb6 12. Rb1 O-O 13. Ba3 Qc7 14. dxc5 Bb7
15. Qd4 a6 16. Bd3 Rfc8 17. Qg4 Rab8 18. Bb2 g6 19. h4 Nc4 20. Ba1 Bc6 21. h5
Bxc5 22. hxg6 hxg6 23. Bxg6 fxg6 24. Qxg6+ Kh8 25. Ng5 d6 26. exd6+ 1-0

[Event "I Festival Parthenope A"]
[Site "Napoli ITA"]
[Date "2005.05.13"]
[Round "1"]
[White "Messina, Roberta"]
[Black "Andreoli, Mark"]
[Result "0-1"]
[WhiteElo "1607"]
[BlackElo "2041"]
[PlyCount "108"]
[EventDate "2005.05.13"]

1. e4 c5 2. Nf3 d6 3. d4 cxd4 4. Nxd4 Nf6 5. Nc3 g6 6. Be2 Bg7 7. Be3 O-O 8. f3
Nc6 9. Qd2 d5 10. O-O-O Nxd4 11. Bxd4 dxe4 12. Nxe4 Nxe4 13. fxe4 Bxd4 14. Qxd4
Qxd4 15. Rxd4 Be6 16. a3 Rfd8 17. Rhd1 Rxd4 18. Rxd4 Rc8 19. Kd2 Kg7 20. Bb5
Kf6 21. c3 Ke5 22. Ke3 Rc7 23. Be2 h5 24. Rb4 Bd7 25. Rd4 Bc6 26. g3 Rd7 27.
Bc4 e6 28. Be2 f6 29. h3 Rg7 30. Rb4 Rh7 31. a4 h4 32. g4 a5 33. Rd4 g5 34. Bf1
Rf7 35. Bc4 Rf8 36. Bd3 Rf7 37. Bc2 Rd7 38. Rxd7 Bxd7 39. b4 b6 40. bxa5 bxa5
41. Kf3 Kd6 42. Ke3 Kc5 43. Bb3 f5 44. exf5 exf5 45. Kf3 fxg4+ 46. hxg4 Bc6+
47. Kf2 Bd5 48. c4 Bxc4 49. Bc2 Kb4 50. Ke3 Bb3 51. Be4 Bxa4 52. Bf3 Bd7 53.
Kf2 a4 54. Kg2 Be6 0-1

[Event "I Festival Parthenope A"]
[Site "Napoli ITA"]
[Date "2005.05.13"]
[Round "1"]
[White "Orefice, Nino"]
[Black "Dragojlovic, Andjelko"]
[Result "0-1"]
[WhiteElo "1822"]
[BlackElo "2285"]
[PlyCount "68"]
[EventDate "2005.05.13"]

1. Nf3 g6 2. g3 Nf6 3. Bg2 Bg7 4. O-O O-O 5. d3 d6 6. e4 e5 7. Nbd2 c5 8. c3
Nc6 9. a4 h6 10. Nc4 Be6 11. Qe2 Qc7 12. h3 Rfe8 13. Qc2 d5 14. exd5 Nxd5 15.
Re1 Rad8 16. Be3 Nxe3 17. Rxe3 Re7 18. Rae1 Bd5 19. Nfd2 Bxg2 20. Kxg2 b6 21.
f3 Red7 22. Ne4 a6 23. R3e2 Rxd3 24. a5 b5 25. Ne3 Nxa5 26. b4 cxb4 27. cxb4
Nc4 28. Nxc4 Qxc4 29. Qxc4 bxc4 30. Nc5 Ra3 31. Rc1 c3 32. Rcc2 Rd4 33. Ne4
Rxb4 34. Nxc3 Rab3 0-1

[Event "I Festival Parthenope A"]
[Site "Napoli ITA"]
[Date "2005.05.13"]
[Round "1"]
[White "Ricci, Giuseppe"]
[Black "Piscopo, Pierluigi"]
[Result "0-1"]
[WhiteElo "1874"]
[BlackElo "2353"]
[PlyCount "72"]
[EventDate "2005.05.13"]

1. e4 c5 2. Nf3 e6 3. d4 cxd4 4. Nxd4 Nf6 5. Nc3 Nc6 6. Bc4 Qc7 7. Bb3 a6 8.
Be3 b5 9. f3 Bb7 10. Qd2 Bb4 11. Nxc6 dxc6 12. O-O Be7 13. Qf2 c5 14. a4 b4 15.
Ne2 Bd6 16. g3 h5 17. Rad1 Be7 18. Bc4 O-O 19. Nf4 Qc6 20. Qg2 g5 21. Nxe6 fxe6
22. Bxg5 Kf7 23. Rfe1 Rg8 24. Qd2 Rad8 25. Qf4 Rd4 26. Rxd4 cxd4 27. b3 d3 28.
cxd3 Qc5+ 29. d4 Qxg5 30. Qc7 Qd2 31. Re2 Qxd4+ 32. Kg2 h4 33. Qxb7 hxg3 34.
hxg3 Nh5 35. g4 Nf4+ 36. Kf1 Rh8 0-1

[Event "I Festival Parthenope A"]
[Site "Napoli ITA"]
[Date "2005.05.13"]
[Round "1"]
[White "Rosato, Luciano"]
[Black "Colucci, Stefano"]
[Result "1-0"]
[WhiteElo "2225"]
[BlackElo "1820"]
[PlyCount "109"]
[EventDate "2005.05.13"]

1. d4 Nf6 2. Nf3 e6 3. Bg5 d5 4. e3 Be7 5. c4 Ne4 6. Bxe7 Qxe7 7. Nc3 Nxc3 8.
bxc3 O-O 9. Bd3 Nd7 10. O-O e5 11. dxe5 dxc4 12. Bxc4 Nxe5 13. Nxe5 Qxe5 14.
Qd4 Qg5 15. f4 Qe7 16. e4 Rd8 17. Qe3 Bg4 18. f5 Qh4 19. h3 b5 20. Bb3 Bh5 21.
Rf4 Qg5 22. g4 c5 23. Bd5 Rxd5 24. exd5 f6 25. Re4 Qxe3+ 26. Rxe3 Bf7 27. d6
Rd8 28. Rd3 Kf8 29. a3 Bc4 30. Rd2 a5 31. Kf2 Rd7 32. Ke3 Ke8 33. Kf4 g5+ 34.
fxg6 hxg6 35. h4 Kf7 36. Re1 a4 37. h5 b4 38. cxb4 cxb4 39. Re4 Bb3 40. Rxb4
g5+ 41. Ke3 Ke6 42. Re4+ Kf7 43. Red4 Ke6 44. Ke4 Kf7 45. Kd3 Be6 46. Kc3 f5
47. gxf5 Bxf5 48. Rxa4 Ke6 49. Re2+ Kf6 50. Rd4 g4 51. Kd2 Rh7 52. Re3 Kg5 53.
Re5 Rxh5 54. d7 Rh2+ 55. Ke1 1-0

[Event "I Festival Parthenope A"]
[Site "Napoli ITA"]
[Date "2005.05.13"]
[Round "1"]
[White "Saccone, Fabio"]
[Black "Gallina, Giacomo"]
[Result "1-0"]
[WhiteElo "2325"]
[BlackElo "1844"]
[PlyCount "57"]
[EventDate "2005.05.13"]

1. e4 d5 2. exd5 Qxd5 3. Nc3 Qa5 4. d4 c6 5. Nf3 Bg4 6. Bc4 Nf6 7. Bd2 Qc7 8.
h3 Bh5 9. Qe2 Nbd7 10. O-O-O O-O-O 11. g4 Bg6 12. Ne5 Nxe5 13. dxe5 Nd5 14. f4
h6 15. f5 Bh7 16. e6 fxe6 17. Qxe6+ Kb8 18. Bxd5 Bg8 19. Qxg8 Rxg8 20. Bxg8 e5
21. fxe6 g5 22. Rhe1 Be7 23. Bf7 b5 24. Ne4 c5 25. Kb1 b4 26. Bc1 a5 27. Rxd8+
Qxd8 28. Ng3 b3 29. axb3 1-0

[Event "I Festival Parthenope A"]
[Site "Napoli ITA"]
[Date "2005.05.13"]
[Round "1"]
[White "Sannino, Raffaele"]
[Black "Di Gennaro, Antonio"]
[Result "1-0"]
[WhiteElo "2022"]
[BlackElo "1565"]
[PlyCount "73"]
[EventDate "2005.05.13"]

1. e4 c5 2. Ne2 d6 3. g3 Nc6 4. Bg2 e5 5. c3 g6 6. d4 Bg7 7. dxc5 dxc5 8. Qxd8+
Nxd8 9. Na3 Bd7 10. Nc4 Nf6 11. Nxe5 O-O 12. Nxd7 Nxd7 13. O-O Nc6 14. Be3 b6
15. f4 Rfe8 16. Rad1 Nf8 17. Rd6 Na5 18. Bc1 Rad8 19. Rfd1 Rxd6 20. Rxd6 Nb7
21. Rd1 Rc8 22. Kf2 Rb8 23. g4 f6 24. h4 Nd8 25. h5 Nf7 26. Ng3 Re8 27. hxg6
hxg6 28. Bf1 a5 29. Bc4 Rb8 30. a4 Re8 31. Rd6 Rb8 32. Rc6 Rb7 33. Rc8 Kh7 34.
Bd5 Rd7 35. Rb8 f5 36. gxf5 gxf5 37. Nxf5 1-0

[Event "I Festival Parthenope A"]
[Site "Napoli ITA"]
[Date "2005.05.13"]
[Round "1"]
[White "Tortora, Antonio"]
[Black "Della Ragione, Achille"]
[Result "1-0"]
[WhiteElo "1774"]
[BlackElo "2069"]
[PlyCount "101"]
[EventDate "2005.05.13"]

1. Nf3 c5 2. g3 d5 3. Bg2 Nc6 4. O-O e5 5. d3 Be7 6. Nbd2 h5 7. e4 d4 8. Nc4
Qc7 9. a4 Be6 10. Ne1 g5 11. f4 gxf4 12. gxf4 f6 13. Nf3 O-O-O 14. b3 Nh6 15.
fxe5 fxe5 16. Bxh6 Rxh6 17. Qd2 Rg6 18. Rf2 Rdg8 19. Kh1 Bg4 20. h3 Be6 21. Kh2
Bf6 22. Raf1 Qg7 23. Nd6+ Kc7 24. Nf5 Qd7 25. N3h4 Rg5 26. Nh6 Rxg2+ 27. Rxg2
Rxg2+ 28. Nxg2 Qg7 29. Nf5 Qg5 30. Qf2 Bd8 31. Ngh4 Bxf5 32. Nxf5 Nb4 33. Kh1
Nc6 34. Rg1 Qf6 35. Qe2 Nb4 36. Rg2 Qh8 37. Rg7+ Kb8 38. Qg2 Nc6 39. Qg6 a6 40.
Qf7 Na5 41. Rg8 Qxg8 42. Qxg8 Nc6 43. Qe6 Bb6 44. Qf7 Nb4 45. Qg8+ Ka7 46. Qg2
Bd8 47. Nd6 Bc7 48. Ne8 Bd8 49. Qg7 Nc6 50. Nd6 Na5 51. Qxe5 1-0

[Event "I Festival Parthenope A"]
[Site "Napoli ITA"]
[Date "2005.05.13"]
[Round "2"]
[White "Andreoli, Mark"]
[Black "Collutiis, Duilio"]
[Result "0-1"]
[WhiteElo "2041"]
[BlackElo "2382"]
[PlyCount "52"]
[EventDate "2005.05.13"]

1. e4 c5 2. d4 cxd4 3. c3 dxc3 4. Nxc3 e6 5. Nf3 a6 6. Bc4 b5 7. Bb3 Bb7 8. Qe2
d6 9. O-O Nd7 10. Rd1 b4 11. Na4 Ngf6 12. Bg5 Be7 13. Bxf6 Nxf6 14. e5 Nd5 15.
exd6 Qxd6 16. Rac1 O-O 17. Nc5 Nf4 18. Qe3 Bd5 19. Ne4 Qb8 20. Nc5 Ra7 21. Rd4
Rc7 22. Rxf4 Rxc5 23. Rxc5 Bxc5 24. Qd2 Bxb3 25. axb3 Rd8 26. Qc1 Qxf4 0-1

[Event "I Festival Parthenope A"]
[Site "Napoli ITA"]
[Date "2005.05.13"]
[Round "2"]
[White "Bianco, Raffaele"]
[Black "Djuric, Stefan"]
[Result "0-1"]
[WhiteElo "2092"]
[BlackElo "2459"]
[PlyCount "59"]
[EventDate "2005.05.13"]

1. e4 Nf6 2. e5 Nd5 3. d4 d6 4. exd6 cxd6 5. c4 Nb6 6. Bd3 Nc6 7. Be3 e5 8. Ne2
Qh4 9. d5 Nb4 10. Na3 Be7 11. O-O O-O 12. f4 Nxd3 13. Qxd3 Nd7 14. Ng3 Nf6 15.
Rf3 Ng4 16. h3 Nxe3 17. Qxe3 exf4 18. Qxf4 Qxf4 19. Rxf4 a6 20. Re1 Bg5 21.
Rfe4 Bd7 22. Nc2 Rac8 23. b3 f5 24. Rd4 b5 25. Re2 Bf6 26. Rf4 Be8 27. Rf3 bxc4
28. bxc4 Rxc4 29. Nf1 f4 30. Ref2 0-1